| 000 | 00488nam a2200193Ia 4500 | ||
|---|---|---|---|
| 005 | 20140405085342.0 | ||
| 008 | 140130s9999 xx 000 0 und d | ||
| 020 | _a9780545022200 | ||
| 050 |
_aPZ 7 _b.W25865Cal 2008 |
||
| 100 |
_aWasserman, Robin _924390 |
||
| 245 |
_cRobin Wasserman. _aCallie for president / |
||
| 260 |
_bScholastic, _c2008. _aUSA : |
||
| 300 |
_a174 p. : _c22 cm. |
||
| 440 |
_v1 _930983 |
||
| 521 | _aG3 | ||
| 526 | _c590 | ||
| 942 |
_cBK _2lcc |
||
| 999 |
_c40723 _d40723 |
||